All Animals - Statistics

General Stats
  • This quiz has been taken 113 times
  • The average score is 26 of 244
Answer Stats
Answer % Correct
Lion .
74%
Tiger .
72%
Elephant .
57%
Cow .
55%
Pig .
48%
Ant .
46%
Horse .
46%
Polar Bear .
45%
Giraffe .
44%
Bald Eagle .
40%
Rat .
39%
Alligator .
38%
Wolf .
38%
Crocodile .
37%
Fox .
36%
Monkey .
36%
Zebra .
36%
Sheep .
35%
Cheetah .
34%
Chicken .
34%
Goat .
33%
Gorilla .
33%
Grizzly Bear .
30%
Hyena .
30%
Jaguar .
30%
Black Bear .
27%
Bull .
26%
Rabbit .
26%
Blue Whale .
24%
Crow .
24%
Hippopotamus .
24%
Donkey .
22%
Moose .
22%
Chimpanzee .
21%
Goose .
21%
Squirrel .
21%
Beaver .
20%
Octopus .
20%
Badger .
19%
Ostrich .
19%
Raccoon .
19%
Raven .
19%
Tarantula .
19%
Buffalo .
18%
Coyote .
18%
Emu .
18%
Flamingo .
18%
Guinea Pig .
18%
Hare .
18%
Otter .
18%
Salmon .
18%
Anaconda .
17%
Hamster .
17%
Orangutan .
17%
Porcupine .
17%
Squid .
17%
Turkey .
17%
German Shepherd .
16%
Golden Retriever .
16%
Labrador Retriever .
16%
Lynx .
16%
Orca .
16%
Black Widow .
15%
Capybara .
15%
Cobra .
15%
Great White Shark .
15%
Mole .
15%
Pigeon .
15%
Skunk .
15%
Dove .
13%
Elk .
13%
Hedgehog .
13%
Platypus .
13%
Rhinoceros .
13%
Mule .
12%
Peacock .
12%
Poodle .
12%
Reticulated Python .
12%
Seagull .
12%
Wasp .
12%
Cardinal .
11%
Emperor Penguin .
11%
Kiwi .
11%
Blue Jay .
10%
Bobcat .
10%
Chihuahua .
10%
Jellyfish .
10%
Manatee .
10%
Ocelot .
10%
Opossum .
10%
Pug .
10%
Clownfish .
9%
Goldfish .
9%
Macaw .
9%
Mosquito .
9%
Rooster .
9%
Scorpion .
9%
Shrew .
9%
Wolverine .
9%
Yak .
9%
Dalmatian .
8%
Dragonfly .
8%
Hornet .
8%
Hummingbird .
8%
Komodo Dragon .
8%
Pangolin .
8%
Persian .
8%
Reindeer .
8%
Siamese Cat .
8%
Axolotl .
7%
Bullfrog .
7%
Chinchilla .
7%
Flying Fox .
7%
Great Dane .
7%
Honeybee .
7%
Husky .
7%
Quail .
7%
Snail .
7%
Bass .
6%
Beagle .
6%
Black Mamba .
6%
Bumble Bee .
6%
Fossa .
6%
Gar .
6%
Ring Tailed Lemur .
6%
Sloth Bear .
6%
Vampire Bat .
6%
Bonobo .
4%
Bottlenose Dolphin .
4%
Cassowary .
4%
Cocker Spaniel .
4%
Gila Monster .
4%
Greyhound .
4%
Groundhog .
4%
Leopard Gecko .
4%
Muskox .
4%
Pelican .
4%
Rottweiler .
4%
Aye-Aye .
3%
Burmese Python .
3%
Caribou .
3%
Clouded Leopard .
3%
Cockatoo .
3%
Fallow Deer .
3%
French Bulldog .
3%
Ibex .
3%
Maned Wolf .
3%
Marine Iguana .
3%
Marmot .
3%
Mountain Goat .
3%
Parakeet .
3%
Prairie Dog .
3%
Sea Urchin .
3%
Termite .
3%
Toucan .
3%
Water Buffalo .
3%
White-Tailed Deer .
3%
Binturong .
2%
Bloodhound .
2%
Calico .
2%
Coral Snake .
2%
Crested Gecko .
2%
Doberman .
2%
Dodo Bird .
2%
Green Iguana .
2%
Horse Fly .
2%
Indri .
2%
Jack Russell Terrier .
2%
Mallard Duck .
2%
Moray Eel .
2%
Mouse Lemur .
2%
Naked Mole Rat .
2%
Praying Mantis .
2%
Red Deer .
2%
Schnauzer .
2%
Skink .
2%
Sphynx Cat .
2%
Wild Boar .
2%
Yellowjacket .
2%
Abyssinian Cat .
1%
Adelie Penguin .
1%
Akita .
1%
Border Collie .
1%
Cape Buffalo .
1%
Chinstrap Penguin .
1%
Chow Chow .
1%
Cockatiel .
1%
Conure .
1%
Grouper .
1%
Maggot .
1%
Osprey .
1%
Pacman Frog .
1%
Pomeranian .
1%
Rhodesian Ridgeback .
1%
Scottish Fold .
1%
Snapping Turtle .
1%
Tuatara .
1%
Bandicoot .
0%
Blue Heron .
0%
Borzoi .
0%
Brussels Griffon .
0%
Bull Terrier .
0%
Couger .
0%
Duiker .
0%
Dusky Dolphin .
0%
Galapagos Turtle .
0%
Gobi Bear .
0%
Gourami .
0%
Great Horned Owl .
0%
Green Anole .
0%
Jackson Chameleon .
0%
Jerusalem Cricket .
0%
Kilpspringer .
0%
Kit Fox .
0%
Miniature Pinscher .
0%
Onyx .
0%
Palm Cockatoo .
0%
Panther Chameleon .
0%
Parson's Chameleon .
0%
Peacock Mantis Shrimp .
0%
Pink Dolphin .
0%
Pistol Shrimp .
0%
Potato Beetle .
0%
Pronghorn Antelope .
0%
Pygmy Chameleon .
0%
Queen Bee .
0%
Red Tailed Hawk .
0%
Saluki .
0%
Schnoodle .
0%
Shiba Inu .
0%
Siamese Fireback .
0%
Sifakas .
0%
Snowy Owl .
0%
Stone Sheep .
0%
Tardigrade .
0%
Thorny Devil .
0%
Thresher Shark .
0%
Tokay Gecko .
0%
Tomato Frog .
0%
Veiled Chameleon .
0%
West Highland White Terrier .
0%
White Pekin Duck .
0%
Wolf Spider .
0%
Xolo .
0%
No matching quizzes found
Score Distribution
Percent of People with Each Score
Percentile by Number Answered
Your Score History
You have not taken this quiz